000 00204 a2200097 4500
001 12039
100 _aAttlec, C.R.
245 _aAs it happened
260 _a
_bWilliam Heinemann
_c
090 _c9291
_d9291
942 _aNUST-CAE
_cM
_c36146
999 _c247112
_d247112